00762nam a2200229 a 450000100100000000500170001000800410002702000150006804000250008308200170010810000280012524500450015326000290019830000280022749000300025565000320028583000370031791000370035404900090039195201150040099900170051500002241120200930011722.0101008s2003 dr a 001 0 spa d a8466206434 aDO-SdBNPbspacBNPHU a794.1bR666L1 aRobles, Mauricio94620713aEl libro del ajedrez /cMauricio Robles. aMadrid, :bLibsa,c2003. a318 p. :bil. ;c24 cm.1 aTécnicas de aprendizaje 4aAjedrezxEnseñanza946208 0aTécnicas de aprendizaje946209 aValidado. Control de calidad MFF aBNPD 0010718PDaPDbPDcHDd2010-10-08iLF1l0o794.1 R666Lp22411-10r2020-06-25w2020-06-25yLFPDZNo se presta c21909d21909